<?xml version="1.0" encoding="UTF-8"?><?xml-stylesheet type="text/xsl" href="static/style.xsl"?><OAI-PMH xmlns="http://www.openarchives.org/OAI/2.0/" xmlns:xsi="http://www.w3.org/2001/XMLSchema-instance" xsi:schemaLocation="http://www.openarchives.org/OAI/2.0/ http://www.openarchives.org/OAI/2.0/OAI-PMH.xsd"><responseDate>2026-04-17T01:25:55Z</responseDate><request verb="GetRecord" identifier="oai:www.recercat.cat:10256/1156" metadataPrefix="marc">https://recercat.cat/oai/request</request><GetRecord><record><header><identifier>oai:recercat.cat:10256/1156</identifier><datestamp>2024-11-19T06:03:28Z</datestamp><setSpec>com_2072_452955</setSpec><setSpec>com_2072_2054</setSpec><setSpec>col_2072_453072</setSpec></header><metadata><record xmlns="http://www.loc.gov/MARC21/slim" xmlns:dcterms="http://purl.org/dc/terms/" xmlns:xsi="http://www.w3.org/2001/XMLSchema-instance" xmlns:doc="http://www.lyncode.com/xoai" xsi:schemaLocation="http://www.loc.gov/MARC21/slim http://www.loc.gov/standards/marcxml/schema/MARC21slim.xsd">
   <leader>00925njm 22002777a 4500</leader>
   <datafield ind2=" " ind1=" " tag="042">
      <subfield code="a">dc</subfield>
   </datafield>
   <datafield ind2=" " ind1=" " tag="720">
      <subfield code="a">Moral Roig, Agnès</subfield>
      <subfield code="e">author</subfield>
   </datafield>
   <datafield ind2=" " ind1=" " tag="720">
      <subfield code="a">Pallisera Herrero, Yanira</subfield>
      <subfield code="e">author</subfield>
   </datafield>
   <datafield ind2=" " ind1=" " tag="720">
      <subfield code="a">Santaló Jurado, Estefania</subfield>
      <subfield code="e">author</subfield>
   </datafield>
   <datafield ind2=" " ind1=" " tag="720">
      <subfield code="a">Gras Pérez, María Eugenia</subfield>
      <subfield code="e">author</subfield>
   </datafield>
   <datafield ind2=" " ind1=" " tag="720">
      <subfield code="a">Villar, Esperança</subfield>
      <subfield code="e">author</subfield>
   </datafield>
   <datafield ind2=" " ind1=" " tag="260">
      <subfield code="c">2008</subfield>
   </datafield>
   <datafield ind2=" " ind1=" " tag="520">
      <subfield code="a">Grup de Recerca en Psicologia de la Salut</subfield>
   </datafield>
   <datafield ind2=" " ind1=" " tag="520">
      <subfield code="a">Aquest estudi aplica la Teoria de l‟Autodeterminació (Deci i Ryan, 1985, 2000, 2002) i el constructe motivacional d‟Engagement (Schaufeli, Martínez, Marqués, Salanova i Bakker, 2002; Schaufeli, Salanova, González-Roma i Bakker, 2002) per investigar els efectes de la regulació motivacional dels estudiants, l‟Engagement, la Competència percebuda i la Vinculació sobre les Expectatives Acadèmiques i Laborals, la Satisfacció i el Rendiment acadèmic. Els resultats revelen que: (1) els 214 estudiants de Psicologia de la Universitat de Girona que varen participar en la recerca mostren alts nivells d‟autonomia (Regulació Identificada i Intrínseca), però nivells moderats d‟Engagement (Vigor i Absorció, i una mica més alts de Dedicació); (2) les intercorrelacions entre totes les variables motivacionals considerades confirmen les prediccions de la Teoria de l‟Autodeterminació i del model motivacional de l‟Engagement; (3) la Competència percebuda prediu les Expectatives Acadèmiques, mentre que la Motivació Intrínseca i l‟Engagement prediuen les Expectatives Laborals; (4) l‟Amotivació i el Cinisme (en sentit negatiu) i la Motivació Intrínseca i l‟Engagement (en positiu) prediuen la Satisfacció amb la carrera; i (5) l‟Amotivació (en negatiu) i la Competència percebuda (en positiu) prediuen el Rendiment acadèmic</subfield>
   </datafield>
   <datafield ind2=" " ind1=" " tag="520">
      <subfield code="a">Este estudio aplica la Teoría de la Autodeterminación (Deci y Ryan, 1985, 2000, 2002) y el cconstructo motivacional de Engagement (Schaufeli, Martínez, Marqués, Salanova y Bakker, 2002; Schaufeli, Salanova, González-Roma y Bakker, 2002) para investigar los efectos de la regulación motivacional de los estudiantes, el Engagement, la Competencia percibida y la Vinculación sobre las Expectativas Académicas y Laborales, la Satisfacción y el Rendimiento académico. Los resultados revelan que: (1) los 214 estudiantes de Psicología de la Universidad de Girona que participaron en la investigación muestran altos niveles de autonomía (Regulación Identificada e Intrínseca), pero niveles moderados de Engagement (Vigor y Absorción, y algo más altos de Dedicación); (2) las intercorrelaciones entre todas las variables motivacionales consideradas confirman las predicciones de la Teoría de la Autodeterminación y del modelo motivacional del Engagement; (3) la Competencia percibida predice las Expectativas académicas mientras que la Motivación Intrínseca y el Engagement predicen las Expectativas laborales; (4) la Amotivación y el Cinismo (en sentido negativo) y la Motivación Intrínseca y el Engagement (en sentido positivo) predicen la Satisfacción con la carrera; y (5) La Amotivación (en negativo) y la Competencia percibida (en positivo) predicen el Rendimiento académico</subfield>
   </datafield>
   <datafield ind1="8" ind2=" " tag="024">
      <subfield code="a">http://hdl.handle.net/10256/1156</subfield>
   </datafield>
   <datafield tag="653" ind2=" " ind1=" ">
      <subfield code="a">Psicologia -- Ensenyament</subfield>
   </datafield>
   <datafield tag="653" ind2=" " ind1=" ">
      <subfield code="a">Psychology -- Teaching</subfield>
   </datafield>
   <datafield tag="653" ind2=" " ind1=" ">
      <subfield code="a">Engagement</subfield>
   </datafield>
   <datafield ind2="0" ind1="0" tag="245">
      <subfield code="a">Regulació motivacional, satisfacció i rendiment acadèmic dels estudiants de psicologia</subfield>
   </datafield>
</record></metadata></record></GetRecord></OAI-PMH>